Southville International School and Colleges
Your cart is empty.
  • Cart
  • Lists
    Public lists Eva Luna New books Lux_list list_1
    Your lists Log in to create your own lists
  • Log in to your account
  • Your cookies
  • Search history
Southville International School and Colleges
  • Advanced search
  • Recent comments
  • Most popular
  • Libraries

Log in to your account

Log in with GOOGLE


If you do not have an external account, but do have a local account, you can still log in:

  1. Home
  2. MARC view: Introduction to industrial/organizational psychology /
Normal view MARC view ISBD view

Introduction to industrial/organizational psychology / (Record no. 20494)

[ view plain ]
MARC details
000 -LEADER
fixed length control field 00678nam a2200217 a 4500
003 - CONTROL NUMBER IDENTIFIER
control field PILC
005 - DATE AND TIME OF LATEST TRANSACTION
control field 20150817102823.0
008 - FIXED-LENGTH DATA ELEMENTS--GENERAL INFORMATION
fixed length control field 040326s19uu xx 00 eng d
020 ## - INTERNATIONAL STANDARD BOOK NUMBER
International Standard Book Number 0130482358
050 ## - LIBRARY OF CONGRESS CALL NUMBER
Classification number HF 5548.8
Item number .R475 2003
100 ## - MAIN ENTRY--PERSONAL NAME
Personal name Riggio, Ronald E.
245 ## - TITLE STATEMENT
Title Introduction to industrial/organizational psychology /
Statement of responsibility, etc Ronald E. Riggio.
250 ## - EDITION STATEMENT
Edition statement 4th edition.
260 ## - PUBLICATION, DISTRIBUTION, ETC. (IMPRINT)
Place of publication, distribution, etc New Jersey :
Name of publisher, distributor, etc Prentice Hall,
Date of publication, distribution, etc 2003.
300 ## - PHYSICAL DESCRIPTION
Extent xxx, 556pages :
Other physical details illustrations ;
Dimensions 24cm.
500 ## - GENERAL NOTE
General note Includes bibliographical references, glossary and index.
650 ## - SUBJECT ADDED ENTRY--TOPICAL TERM
Topical term or geographic name as entry element Psychology, Industrial
650 ## - SUBJECT ADDED ENTRY--TOPICAL TERM
Topical term or geographic name as entry element Organizational change
942 ## - ADDED ENTRY ELEMENTS (KOHA)
Koha item type Books
Source of classification or shelving scheme Library of Congress Classification
Holdings
Withdrawn status Lost status Source of classification or shelving scheme Damaged status Home library Current library Shelving location Date acquired Total Checkouts Total Renewals Full call number Barcode Date last seen Date checked out Copy number Price effective from Koha item type Source of acquisition Public note
    Library of Congress Classification   College Library College Library General Circulation Section 01/10/2014 1 23 HF 5548.8 .R475 2003 C4465 12/05/2018 07/26/2018 1 01/10/2014 Books    
Withdrawn   Library of Congress Classification   Southville International School Affiliated with Foreign Universities Library Southville International School Affiliated with Foreign Universities Library Southville Foreign University Section 08/17/2015     HF 5548.8 .R475 2003 SFU2498 05/15/2018     08/17/2015 Books Donation Books donated

Introduction to industrial/organizational psychology /

APA

Riggio R. E., . (2003). Introduction to industrial/organizational psychology. New Jersey: Prentice Hall.

Chicago

Riggio Ronald E, . 2003. Introduction to industrial/organizational psychology. New Jersey: Prentice Hall.

Harvard

Riggio R. E., . (2003). Introduction to industrial/organizational psychology. New Jersey: Prentice Hall.

MLA

Riggio Ronald E, . Introduction to industrial/organizational psychology. New Jersey: Prentice Hall. 2003.

  • Place hold
  • Print
  • Cite
  • Add to your cart (remove)
  • Save record
    BIBTEX Dublin Core MARCXML MARC (non-Unicode/MARC-8) MARC (Unicode/UTF-8) MARC (Unicode/UTF-8, Standard) MODS (XML) RIS
  • More searches
    Search for this title in:
    Other Libraries (WorldCat) Other Databases (Google Scholar) Online Stores (Bookfinder.com) Open Library (openlibrary.org)

Exporting to Dublin Core...

SOUTHVILLE LIBRARY

Southville International School and Colleges Library

1281 Tropical Ave. Cor. Luxembourg St., BF Homes International, Las Pinas City

Tel. No. 8256374 / 252358 Loc. 117/146

Powered by Koha